000 00415nam a2200157Ia 4500
008 230718s9999 xx 000 0 und d
041 _aeng
082 _a363.738745
_bMON
100 _aMonbiot George.
_9145489
245 _aHeat How To Stop The Planet Burning
260 _bPenguin Book
300 _a279
365 _cRs.
_b280.00
700 _aMonbiot George.
_9145489
906 _dB:224518-Oct-2007
_cMECH
_b56
999 _c317841
_d317841